Prime Ministers Of Canada By Political Party - Statistics

General Stats
  • This quiz has been taken 69 times
  • The average score is 19 of 23
Answer Stats
Question Answer % Correct
Justin Trudeau Liberal
100%
Sir Johnson Macdonald Conservative
90%
John George Diefenbaker Conservative
90%
Joseph Clark Conservative
90%
Kim Campbell Conservative
90%
Stephen Harper Conservative
90%
Alexander Mackenzie Liberal
90%
Sir Wilfrid Laurier Liberal
90%
Lester Pearson Liberal
90%
Pierre Elliott Trudeau Liberal
90%
Jean Chrétien Liberal
90%
Paul Martin Liberal
90%
Sir John Abbott Conservative
80%
Sir Mackenzie Bowell Conservative
80%
Sir Charles Tupper Conservative
80%
Arthur Meighen Conservative
80%
R. B. Bennett Conservative
80%
Brian Mulroney Conservative
80%
Mackenzie King Liberal
80%
Louis St. Laurent Liberal
80%
Sir John Thompson Conservative
70%
Sir Robert Borden Conservative
70%
John Napier Turner Liberal
60%
No matching quizzes found
Score Distribution
Percent of People with Each Score
Percentile by Number Answered
Your Score History
You have not taken this quiz